[Event "SVK-chT2D 0506"]
[Site "Slovakia"]
[Date "2005.11.26"]
[Round "3.6"]
[White "Krajnik, Richard"]
[Black "Cehelsky, Cyril"]
[Result "0-1"]
[WhiteElo "1918"]
[BlackElo "1995"]
[PlyCount "136"]
[EventDate "2005.10.22"]
[EventType "team-tourn"]
[EventRounds "11"]
[EventCountry "SVK"]
[SourceTitle "EXT 2009"]
[Source "ChessBase"]
[SourceDate "2008.11.26"]
[SourceVersion "1"]
[SourceVersionDate "2008.11.26"]
[SourceQuality "1"]

1. e4 d6 2. d4 Nf6 3. Nc3 g6 4. Bd3 Bg7 5. Nf3 Nc6 6. 0-0 e5 7. dxe5 Nxe5 8. Nxe5 dxe5 9. Bg5 c6 10. Qd2 h6 11. Be3 Qe7 12. h3 g5 13. Ne2 Nh5 14. Ng3 Nf4 15. Nf5 Bxf5 16. exf5 0-0 17. Rfe1 Nd5 18. Be4 Rfd8 19. Qe2 Nf6 20. Bd3 e4 21. Bc4 Qe5 22. g4 b5 23. Bb3 Bf8 24. c3 Bd6 25. f4 exf3 26. Qxf3 Qh2+ 27. Kf1 Bg3 28. Qg2 Qxg2+ 29. Kxg2 Bxe1 30. Rxe1 Re8 31. Kf3 Rad8 32. Bc2 Nd5 33. Bf2 Rxe1 34. Bxe1 a5 35. Be4 Kg7 36. Bf2 Kf6 37. Bd4+ Ke7 38. Kg3 f6 39. b3 Rc8 40. Bc5+ Kf7 41. Bd4 Nf4 42. Bf3 c5 43. Be3 Nd3 44. Bd5+ Ke7 45. h4 Kd6 46. Bh1 c4 47. Bd4 cxb3 48. axb3 Ne5 49. Bb7 Rb8 50. Be4 a4 51. b4 Rc8 52. Bb1 gxh4+ 53. Kh3 Rg8 54. Ba2 Rg5 55. Bc5+ Kd7 56. Be6+ Kc6 57. Be7 a3 58. Bxf6 Nc4 59. Kxh4 a2 60. Bxg5 hxg5+ 61. Kxg5 a1Q 62. Bxc4 bxc4 63. Kg6 Qxc3 64. f6 Kd6 65. Kf7 Qe3 66. Kg6 Qe4+ 67. Kh5 Qh7+ 68. Kg5 c3 0-1

[Event "SVK-chT2D 0506"]
[Site "Slovakia"]
[Date "2005.10.23"]
[Round "2.4"]
[White "Cuker, Dusan"]
[Black "Cehelsky, Cyril"]
[Result "1/2-1/2"]
[WhiteElo "2073"]
[BlackElo "1995"]
[PlyCount "32"]
[EventDate "2005.10.22"]
[EventType "team-tourn"]
[EventRounds "11"]
[EventCountry "SVK"]
[SourceTitle "EXT 2009"]
[Source "ChessBase"]
[SourceDate "2008.11.26"]
[SourceVersion "1"]
[SourceVersionDate "2008.11.26"]
[SourceQuality "1"]

1. Nc3 g6 2. e4 Bg7 3. d4 d6 4. Be3 Nf6 5. Qd2 Ng4 6. Bf4 e5 7. dxe5 Nxe5 8. 0-0-0 Nbc6 9. h4 h5 10. f3 Be6 11. Nd5 Rb8 12. Nh3 f6 13. Be3 b5 14. Nhf4 Bf7 15. b3 a5 16. Nd3 b4 1/2-1/2